000 00656nam a2200217Ia 4500
001 16701
003 GE_BSU
008 181216s||||||||xx |||||||||||||| ||und||
040 _cGE_BSU
100 _aკავერინი, ბ. (1902-1989)
245 _aორი კაპიტანი. ტ.1
245 _bრომანი
245 _cთარგმნა ნინო ქუჩუკაშვილმა.
260 _aთბილისი
260 _bსაბლიტგამი
260 _c1949
300 _a484გვ.21სმ.
653 _aორი კაპიტანი
653 _aრომანი
942 _cBK
999 _c49766
_d49766